00726nam a2200181 a 4500008004100000020001500041050001600056100002300072245008700095250001200182260003500194300002100229350000900250650004300259995009300302999001700395952013200412120416s1989 ||||||||||||||||| || u a0205118909 aNA 7115 Wei aWeidhaas, Ernest R10aReading architectural plans for residential and commercial construction. (3rd ed.) a3rd ed. aBoston:bAllyn and Baconc1989 axi, 241p. : ill. a0.00 aCOMMERCIAL BUILDINGS--DESIGN AND PLANS D0.00FCBU-MAIN LIBRARY (Kitwe)H1I50.30UAVAILABLEZMain Library Open Access Collection c55643d55643 00102lcc4070a001b001cMain Library Open Access Collectiond2022-11-30l0oNA 7115 Weip019164r2022-11-30w2022-11-30y002